000
00287nam a2200121Ia 4500
100
_a
Shelley/J.F
942
_c
BK
654
_a
problems
245
_a
700 Solved problems in Vector Mechanics for Engineers
260
_b
McGraw Hill
_a
Singapore
_c
1991
300
_a
720
546
_a
ENGLISH
999
_c
34996
_d
34996